01441 a2200193 45000010006000000050017000060080041000230030015000640400040000790800104001192450053002232500012002762640051002883000019003395050826003581000019011847000020012037000024012235950620260407155849.0260407a1964 arg spa dAR-UNSa-BCEJYS aAR-UNSa-BCEJYSbspacAR-UNSa-BCEJYS a330.1xCiencia económica. Conceptos fundamentales de teoría económica. Valor. Capital. Fondos10aTeorias económicas y regiones subdesarrolladas a3a. ed. 1aMéxico :bFondo de Cultura Económicac1964 a188 p.c21 cm. a1. Una característica general inexplicable de la realidad social - 2. El principio de la causación circular y acumulativa - 3. La tendencia hacia las desigualdades económicas regionales en un país - 4. El papel desempeñado por el Estado - 5. Desigualdades internacionales - 6. Políticas nacionales del Estado en los países subdesarrollados - 7. La planeación económica nacional en los países subdesarrollados - 7. La planeación económica nacional en los países subdesarrollados - 8. Un reto - 9. La doctrina de la igualdad y la evasión de ella - 10. Las predilecciones conservadoras de la teoría económica y sus fundamentos en las filosofías básicas - 11. Una nota sobre la teoría del comercio internacional y el problema de la desigualdad - 12. El enigma lógico de toda ciencia - 1 aMyrdal, Gunnar1 aCuesta, Ernesto1 aSoberón M., Oscar